Charakteristika rozdelenia miezd zamestnancov Slovenskej republiky

Aplikácia parametrického prístupu charakterizovania rozdelenia miezd zamestnancov SR v roku 2010, ktorý vychádza z princípov pravdepodobnostného modelovania inverznými distribučnými funkciami.

Enregistré dans:
Détails bibliographiques
Auteur principal: Sipková, Ľubica, 1962-
Autres auteurs: Sipko, Juraj
Format: Chapitre de livre
Langue:slovaque
Sujets:
Tags: Ajouter un tag
Pas de tags, Soyez le premier à ajouter un tag!

MARC

LEADER 00000naa a2200000 4500
001 0156743
005 20240502072734.0
041 0 |a slo 
044 |a SK 
245 1 0 |a Charakteristika rozdelenia miezd zamestnancov Slovenskej republiky  |c Ľubica Sipková, Juraj Sipko 
520 |a Aplikácia parametrického prístupu charakterizovania rozdelenia miezd zamestnancov SR v roku 2010, ktorý vychádza z princípov pravdepodobnostného modelovania inverznými distribučnými funkciami. 
610 2 0 |a mzdy 
610 2 0 |a diferenciácia mzdová 
610 2 0 |a zamestnanci 
610 2 0 |a Slovensko 
100 1 |a Sipková, Ľubica, 1962- 
700 1 |a Sipko, Juraj